| 000 | 00357cam a22001217a 4500 | ||
|---|---|---|---|
| 008 | 180718b1963 xxu||||| |||| 00| 0 eng d | ||
| 082 | _aP63 D746b | ||
| 100 | _aDouglas, Lloyd V. | ||
| 245 |
_aBusiness education _cby Lloyd V. Douglas |
||
| 260 |
_aWashington _bCenter for Applied Research in Education _c1963 |
||
| 300 | _a115p. | ||
| 650 | _aBusiness education | ||
| 999 |
_c364357 _d364357 |
||